Vista normal
Vista MARC
Entrada Personal Name
Número de registros utilizados en: 1
001 - CONTROL NUMBER
- control field: 14847
003 - CONTROL NUMBER IDENTIFIER
- control field: DLC
005 - DATE AND TIME OF LATEST TRANSACTION
- control field: 20230914112454.0
008 - FIXED-LENGTH DATA ELEMENTS
- fixed length control field: 950403n| azannaabn |n aaa c
010 ## - LIBRARY OF CONGRESS CONTROL NUMBER
- LC control number: nr 95012468
035 ## - SYSTEM CONTROL NUMBER
- System control number: (CaEvSKY)skya5788976
040 ## - CATALOGING SOURCE
- Original cataloging agency: NjP
- Language of cataloging: spa
- Description conventions: rda
- Transcribing agency: Mx-PuUPA
- Modifying agency: MX-MoT
- Modifying agency: Mx-PuUPA
100 1# - HEADING--PERSONAL NAME
- Personal name: Butteriss, Margaret,
373 ## - ASSOCIATED GROUP
- Associated group: Transform Action Inc.
374 ## - OCCUPATION
- Occupation: Autor
- Source of term: lcsh
375 ## - GENDER
- Gender: mujer
377 ## - ASSOCIATED LANGUAGE
- Language code: eng
670 ## - SOURCE DATA FOUND
- Source citation: Job enrichment and employee participation, 1971:
- Information found: t.p. (Margaret Butteriss)
670 ## - SOURCE DATA FOUND
- Source citation: Reinventando recursos humanos: cambiando los roles para crear la organización de alto rendimiento, 2001:
- Information found: title page (Margaret Butteriss) page 15 (is president of Transform Action Inc., a management consulting firm based in Toronto, Canada; holds a Ph.D. in economics from the U.K. and is the author of several other books)